000
00316nam a2200133Ia 4500
100
_a
Hajrachoudhary/S.K.
650
_a
Production Management
942
_c
BK
654
_a
Management-Production
245
_a
Production Management
260
_b
Media promoters & pub.
_a
Mumbai
300
_a
525
546
_a
ENGLISH
999
_c
21484
_d
21484